25/26 Arsenal squad - Statistics

General Stats
  • This quiz has been taken 24 times
  • The average score is 22 of 27
Answer Stats
Positions Answer % Correct
Rw,Cam Bukayo Saka
100%
Gk David Raya
100%
Manager Mikel Arteta
100%
Cm,Cdm Declan Rice
95%
Cb Gabriel
95%
Lw Gabriel Martinelli
95%
St Viktor Gyökeres
95%
Cb William Saliba
95%
St Gabriel Jesus
90%
St,cam Kai Havertz
90%
Lw,St,Rw Leandro Trossard
90%
Rb,Cb,Lb Jurriën Timber
86%
Cm,Rm Martin Ødegaard
86%
Gk Kepa Arrizabalaga
81%
Cm,Cdm Martín Zubimendi
81%
Cb,Lb Piero Hincapié
81%
Cam,Cm,Lw Eberechi Eze
76%
Rb Ben White
71%
Cdm,Cm,Cb Christian Nørgaard
71%
Lb Myles Lewis-Skelly
71%
Rw,Lw Noni Madueke
71%
Lb,Cb Riccardo Calafiori
71%
Cb,Rb Cristhian Mosquera
67%
Cm,St,Cdm Mikel Merino
67%
Cm Max Dowman
57%
Gk Tommy Setford
38%
Cb Marli Salmon
33%
No matching quizzes found
Score Distribution
Percent of People with Each Score
Percentile by Number Answered
Your Score History
You have not taken this quiz